000 00656nam a22002417a 4500
003 UA-OsUOA
001 61716
007 ta
008 20090715b un ||||| |||| 00| 0 ukr d
100 _aЛуцишина О. А.
090 _a294.118:141.7
_bЛ86
942 _cBK
040 _aUA-OsUOA
_bukr
_cUA-OsUOA
_dUA-OsUOA
245 _aУявлення про людину в Рігведі
_bМонографія
300 _a168 с.
955 _a1
041 _aukr
080 _a294.118:141.7
020 _a966-699-116-0
260 _aК.
_bОснова
_c2005
650 7 _a29 Нехристиянські релігії
_2UDC
999 _c347516
_d347516